000 00824cam a2200277 4500
001 4578
003 BD-RjUL
005 20211208233921.0
008 131223s1972 fr a s i000 0 eng d
020 _a9264110194
035 _a(BD-RjUL)4613
040 _aDLC
_cDLC
_dDLC
_d(BD-RjUL)
_beng
041 _aeng
082 0 0 _a332.4952
_bMON
110 2 _aOrganisation for Economic Co-operation and Development.
_914462
245 1 0 _aMonetary policy in Japan /
260 _a[Paris]
_c1972.
_bOrganisation for Economic Co-operation and Development,
300 _a105 p.
_billus.
_c24 cm.
350 _a14.00F ($3.50 U.S.)
650 0 _aMonetary policy
_zJapan.
_914454
650 0 _aFinance
_zJapan.
_98069
942 _2ddc
_cBK
999 _c4578
_d4578